| 000 | 00745nam a2200229 a 4500 | ||
|---|---|---|---|
| 001 | 52431 | ||
| 003 | BD-RjUL | ||
| 005 | 20211209075814.0 | ||
| 008 | 160920s1969 bg ||||| |||| 00| 0 ben d | ||
| 020 | _c: Tk. 4.00 | ||
| 035 | _a(BD-RjUL)52551 | ||
| 040 |
_aBD-RjUL _bben _cBD-RjUL |
||
| 041 | _aben | ||
| 082 |
_223 _a891.441 _bRAA 1969 |
||
| 100 | 1 |
_aরশিদ, আ ন ম বজলুর _9156855 |
|
| 245 | 1 | 0 |
_aএক ঝাঁক পাখি / _cআ ন ম বজলুর রশিদ |
| 260 |
_aঢাকা : _bবাংলা বাজার, _c১৯৬৯ |
||
| 300 |
_a৫৬ পৃ. ; _c২৪ সেমি. |
||
| 650 |
_aবাংলা কবিতা _9156856 |
||
| 650 |
_aBengali poetry _9156857 |
||
| 942 |
_2ddc _cBK |
||
| 999 |
_c52431 _d52431 |
||